[Event "SPAchess Amsterdam Open 2011 - A"]
[Site "Amsterdam, Netherlands"]
[Date "2011.07.17"]
[Round "9"]
[White "Spiler, Angelo"]
[Black "Schroer, Marcel"]
[Result "0-1"]
[WhiteElo "2111"]
[BlackElo "2116"]
[EventDate "2011.??.??"]
[PlyCount "80"]

1.e4 c5 2.Nf3 d6 3.d4 cxd4 4.Nxd4 Nf6 5.Nc3 a6 6.Bg5 e6 7.f4 Qb6 8.Nb3 
Nbd7 9.Be2 Be7 10.Qd3 Qc7 11.Bf3 Rb8 12.O-O-O b5 13.g4 b4 14.Ne2 a5 15.
Bxf6 gxf6 16.Kb1 Qb6 17.Nd2 Nc5 18.Qd4 Ba6 19.g5 Nd7 20.h4 Rc8 21.Qxb6 
Nxb6 22.Ng3 Kd7 23.Bh5 fxg5 24.hxg5 h6 25.Bxf7 hxg5 26.f5 exf5 27.exf5 Kc7
28.Be6 Bb7 29.Rhe1 Rcf8 30.Nde4 d5 31.Nf2 Bd6 32.Ne2 Rh2 33.Ng4 Rh4 34.Rg1
Bc5 35.Nd4 Nc4 36.c3 bxc3 37.bxc3 Bc6 38.Rg2 Rb8+ 39.Ka1 Ba3 40.Ne3 Rxd4 
0-1